Tilastot visalle Turun lentokentän lentoverkosto

Klikkaa tästä pelataksesi tätä visaa!

Yleistilastot

  • Tätä visaa on pelattu 37 kertaa
  • Keskiarvotulos 5 / 10

Vastaustilastot

LentoyhtiöKaupunki% Oikein
FinnairHelsinki
97%
airBalticRiika
80%
Scandinavian AirlinesTukholma
77%
Wizz AirGdansk
50%
Wizz AirRooma
40%
FinnairKittilä
37%
NyxAirMaarianhamina
37%
Sunclass AirlinesGran Canaria
23%
Wizz AirSkopje
20%
Sunclass AirlinesTeneriffa
13%

Tulosjakauma

Persentiili vastausten määrän mukaan

Jokaisen tuloksen saaneiden osuus

Tuloshistoriasi

Et ole pelannut tätä visaa